000 00636nam a2200265Ia 4500
005 20260330154041.0
008 008 300114s9999 xx 000 0 eng d
020 _a9788178245867
037 _aEBOOK
040 _aCRL
040 _beng
040 _cCRL
041 _2eng
041 _aeng
084 _qCRL
100 _aSunil Kumar
245 0 _a(EPUB) EMERGENCE OF THE DELHI SULTANATE, THE
260 _bOrient BlackSwan
260 _c2007
650 _aHistory
856 _uhttps://ebooks.orientblackswandigital.com/product-details/651370
942 _cEBOOK
999 _c1843641
_d1843641